Discrete Mathematical Structures (Record no. 3685)

MARC details
000 -LEADER
fixed length control field 00342nam a2200145Ia 4500
008 - FIXED-LENGTH DATA ELEMENTS--GENERAL INFORMATION
fixed length control field 191201s2008 xx 000 0 und d
082 ## - DEWEY DECIMAL CLASSIFICATION NUMBER
Classification number 510
Item number KOD
100 ## - MAIN ENTRY--PERSONAL NAME
Personal name Kolman, Bernard
245 #0 - TITLE STATEMENT
Title Discrete Mathematical Structures
250 ## - EDITION STATEMENT
Edition statement 4th IMP
260 ## - PUBLICATION, DISTRIBUTION, ETC. (IMPRINT)
Place of publication, distribution, etc N.Delhi
Name of publisher, distributor, etc pearson
Date of publication, distribution, etc 2008
300 ## - PHYSICAL DESCRIPTION
Extent 520
650 ## - SUBJECT ADDED ENTRY--TOPICAL TERM
Topical term or geographic name as entry element MCA
942 ## - ADDED ENTRY ELEMENTS (KOHA)
Source of classification or shelving scheme Dewey Decimal Classification
Koha item type Text Books
942 ## - ADDED ENTRY ELEMENTS (KOHA)
-- 8
Holdings
Withdrawn status Lost status Source of classification or shelving scheme Damaged status Not for loan Collection code Home library Current library Date acquired Source of acquisition Cost, normal purchase price Bill Number Total Checkouts Full call number Acc. no. / Barcode Date last seen Date last borrowed Bill Date Koha item type
    Dewey Decimal Classification     MCA PIET C-LIBRARY PIET C-LIBRARY 22/12/2008 J B C, New Delhi 299.00 SI-4665 2 510 KOD 10636 01/07/2022 20/06/2022 13/12/2008 Text Books
    Dewey Decimal Classification     MCA PIET C-LIBRARY PIET C-LIBRARY 22/12/2008 J B C, New Delhi 299.00 SI-4665 2 510 KOD 10637 23/03/2023 21/03/2023 13/12/2008 Text Books
    Dewey Decimal Classification     MCA PIET C-LIBRARY PIET C-LIBRARY 22/12/2008 J B C, New Delhi 299.00 SI-4665 3 510 KOD 10638 06/05/2024 24/04/2024 13/12/2008 Text Books
    Dewey Decimal Classification     MCA PIET C-LIBRARY PIET C-LIBRARY 22/12/2008 J B C, New Delhi 299.00 SI-4665 1 510 KOD 10639 17/02/2025 07/02/2025 13/12/2008 Text Books
    Dewey Decimal Classification     MCA PIET C-LIBRARY PIET C-LIBRARY 22/12/2008 J B C, New Delhi 299.00 SI-4665 2 510 KOD 10640 01/07/2022 20/06/2022 13/12/2008 Text Books
    Dewey Decimal Classification     MCA PIET C-LIBRARY PIET C-LIBRARY 22/12/2008 J B C, New Delhi 299.00 SI-4665   510 KOD 10641 04/12/2019   13/12/2008 Text Books
    Dewey Decimal Classification     MCA PIET C-LIBRARY PIET C-LIBRARY 22/12/2008 J B C, New Delhi 299.00 SI-4665 1 510 KOD 10642 12/04/2023 21/03/2023 13/12/2008 Text Books
    Dewey Decimal Classification     MCA PIET C-LIBRARY PIET C-LIBRARY 22/12/2008 J B C, New Delhi 299.00 SI-4665 2 510 KOD 10643 01/06/2026 15/05/2026 13/12/2008 Text Books

Design & Developed by: PIET Central Library
R70 Miles Stone Pattikalyana Samalkha Panipat 132102
mail ID :- [email protected], Phone No:- 0180-2569700 Ex.216